<?xml version="1.0" encoding="UTF-8"?><?xml-stylesheet type="text/xsl" href="static/style.xsl"?><OAI-PMH xmlns="http://www.openarchives.org/OAI/2.0/" xmlns:xsi="http://www.w3.org/2001/XMLSchema-instance" xsi:schemaLocation="http://www.openarchives.org/OAI/2.0/ http://www.openarchives.org/OAI/2.0/OAI-PMH.xsd"><responseDate>2026-06-07T05:53:14Z</responseDate><request verb="GetRecord" identifier="oai:riuma.uma.es:10630/10737" metadataPrefix="marc">https://riuma.uma.es/rest/oai/request</request><GetRecord><record><header><identifier>oai:riuma.uma.es:10630/10737</identifier><datestamp>2026-02-03T11:56:07Z</datestamp><setSpec>com_10630_2254</setSpec><setSpec>col_10630_37959</setSpec></header><metadata><record xmlns="http://www.loc.gov/MARC21/slim" xmlns:dcterms="http://purl.org/dc/terms/" xmlns:doc="http://www.lyncode.com/xoai" xmlns:xsi="http://www.w3.org/2001/XMLSchema-instance" xsi:schemaLocation="http://www.loc.gov/MARC21/slim http://www.loc.gov/standards/marcxml/schema/MARC21slim.xsd">
   <leader>00925njm 22002777a 4500</leader>
   <datafield ind2=" " ind1=" " tag="042">
      <subfield code="a">dc</subfield>
   </datafield>
   <datafield ind2=" " ind1=" " tag="720">
      <subfield code="a">Mancovsky, Viviana</subfield>
      <subfield code="e">author</subfield>
   </datafield>
   <datafield ind2=" " ind1=" " tag="260">
      <subfield code="c">2015-11-26</subfield>
   </datafield>
   <datafield ind2=" " ind1=" " tag="520">
      <subfield code="a">¿De qué está hecho el discurso del maestro? &#xd;
Se trata de una palabra que habilita y asigna lugares subjetivos a partir del reconocimiento del otro. Ese otro-niño que aprende a ser alumno en la interacción de la clase escolar. La palabra del maestro tiene el poder de “asignar lugares” al sujeto que llega.&#xd;
El propósito de esta conferencia apunta a reflexionar sobre el impacto de la palabra del maestro que construye éxito y fracaso en la cotidianeidad del aula, con cada niño, cada joven, con cada alumno… &#xd;
Dicha conferencia se deriva de una investigación que indaga y analiza la presencia de los juicios de valor en el discurso del maestro. Por un lado, presenta algunos de los resultados alcanzados en este trabajo al describir y comprender el sentido evaluativo que el maestro enuncia, sobre la manera de ser, pensar y hacer del alumno en la evaluación informal de la clase. Por otro, invita a la reflexión sobre el docente y el poder de su palabra en la interacción cotidiana con sus alumnos. Una posibilidad para  pensar “el arte de evaluar” en la interacción pedagógica.</subfield>
   </datafield>
   <datafield ind1="8" ind2=" " tag="024">
      <subfield code="a">http://hdl.handle.net/10630/10737</subfield>
   </datafield>
   <datafield ind1="8" ind2=" " tag="024">
      <subfield code="a">http://orcid.org/0000-0001-7735-4593</subfield>
   </datafield>
   <datafield tag="653" ind2=" " ind1=" ">
      <subfield code="a">Enseñanza - Evaluación</subfield>
   </datafield>
   <datafield ind2="0" ind1="0" tag="245">
      <subfield code="a">Educar con las palabras</subfield>
   </datafield>
</record>
</metadata></record></GetRecord></OAI-PMH>